000 00285nam a22001337a 4500
008 170206b xxu||||| |||| 00| 0 eng d
020 _a97801350557861
041 _aeng
080 _a61
100 _a3
101 _aSHM
245 _aMEDICAL LANGUAGE
_cSUSAN TURLEY
942 _2udc
_cBK
999 _c4726
_d4726